| 000 | 00658cam a2200241 4500 | ||
|---|---|---|---|
| 001 | M92694 | ||
| 008 | 090401t xxu||||| |||| 00| 0 eng d | ||
| 035 | _a(Sirsi) u87227 | ||
| 041 | _aeng | ||
| 050 | _a333.332 | ||
| 110 |
_aLeasehold Advisory Service _93510 |
||
| 245 | _aValuation for lease extension : valuation issues for lease extension for flats. | ||
| 260 |
_aLondon _bLeasehold Advisory Service _c1998? |
||
| 300 | _a11p. ; 30cm. | ||
| 350 | _a0 | ||
| 650 | _aLEASE EXTENSIONS | ||
| 650 | _aLONG LEASES | ||
| 650 | _aRESIDENTIAL LEASES | ||
| 650 |
_aValuation _96273 |
||
| 690 | _aRATING AND VALUATION | ||
| 942 | _n0 | ||
| 948 | _c06/07/1998 | ||
| 999 |
_c97204 _d97204 |
||